[Event "Metz op 32nd"]
[Site "Metz"]
[Date "2014.05.06"]
[Round "6"]
[White "Derieux, Christian"]
[Black "Blachon, Pascal"]
[Result "1-0"]
[WhiteElo "2125"]
[BlackElo "2045"]
[PlyCount "85"]
[EventDate "2014.05.03"]
[EventType "swiss"]
[EventRounds "9"]
[EventCountry "FRA"]
[SourceTitle "CBM 160 Extra"]
[Source "ChessBase"]
[SourceDate "2014.07.01"]
[SourceVersion "1"]
[SourceVersionDate "2014.07.01"]
[SourceQuality "1"]

1. b3 e5 2. Bb2 f6 3. c4 Nh6 4. Nc3 Nf7 5. e3 c6 6. d4 d6 7. Bd3 Na6 8. Nge2 Nc7 9. e4 Ne6 10. d5 Nc5 11. Bc2 a5 12. 0-0 g6 13. a3 Rb8 14. b4 axb4 15. axb4 Na6 16. Ba4 Nxb4 17. Qb3 Na6 18. dxc6 bxc6 19. Bxc6+ Bd7 20. Bxd7+ Qxd7 21. Nb5 Nc5 22. Qf3 Be7 23. Nec3 0-0 24. Qe2 Rb7 25. Rad1 Rc8 26. Kh1 Ne6 27. Nd5 Qc6 28. Qf3 Kg7 29. Rc1 Bd8 30. Rfd1 Nc5 31. Qe2 Ng5 32. f3 Nge6 33. Nb4 Qb6 34. Rxd6 Qa5 35. Nc6 Rxc6 36. Rxc6 Qa2 37. Ra1 Qb3 38. Ba3 Nd4 39. Nxd4 Qxa3 40. Qd1 Qb2 41. Ne6+ Nxe6 42. Rxe6 Qf2 43. Qxd8 1-0

[Event "Metz op 32nd"]
[Site "Metz"]
[Date "2014.05.04"]
[Round "3"]
[White "Barthel, Ansgar"]
[Black "Derieux, Christian"]
[Result "1-0"]
[WhiteElo "2186"]
[BlackElo "2125"]
[PlyCount "101"]
[EventDate "2014.05.03"]
[EventType "swiss"]
[EventRounds "9"]
[EventCountry "FRA"]
[SourceTitle "CBM 160 Extra"]
[Source "ChessBase"]
[SourceDate "2014.07.01"]
[SourceVersion "1"]
[SourceVersionDate "2014.07.01"]
[SourceQuality "1"]

1. e4 g6 2. d4 Bg7 3. Nc3 a6 4. f4 b5 5. Nf3 Bb7 6. Bd3 d6 7. 0-0 c5 8. dxc5 dxc5 9. e5 b4 10. Be4 Nc6 11. Qxd8+ Nxd8 12. Bxb7 Nxb7 13. Ne4 Nh6 14. Rd1 0-0 15. Rd7 Na5 16. Be3 f6 17. Bxc5 fxe5 18. fxe5 Nc6 19. Bxe7 Nxe7 20. Rxe7 Rac8 21. c3 bxc3 22. Nxc3 Rb8 23. b3 Rbc8 24. Ne4 Nf5 25. Rd7 h6 26. Rad1 g5 27. h3 Rc2 28. R7d2 Rc6 29. Rd8 Re6 30. Rxf8+ Bxf8 31. Rd8 Kg7 32. Rc8 Be7 33. Rc7 Kg6 34. Nc5 Bxc5+ 35. Rxc5 h5 36. g4 hxg4 37. hxg4 Ne3 38. Nh2 Kf7 39. Kf2 Rh6 40. Kg3 Ke7 41. Nf3 Nf1+ 42. Kf2 Nh2 43. Rc7+ Kd8 44. Rc4 Rh3 45. Nxg5 Rd3 46. Ra4 Rd5 47. Kg3 Nf1+ 48. Kf4 a5 49. Ke4 Rb5 50. Ne6+ Kd7 51. Nd4 1-0

[Event "Metz op 32nd"]
[Site "Metz"]
[Date "2014.05.04"]
[Round "2"]
[White "Derieux, Christian"]
[Black "Doluhanova, Evgeniya"]
[Result "1/2-1/2"]
[WhiteElo "2125"]
[BlackElo "2336"]
[PlyCount "92"]
[EventDate "2014.05.03"]
[EventType "swiss"]
[EventRounds "9"]
[EventCountry "FRA"]
[SourceTitle "CBM 160 Extra"]
[Source "ChessBase"]
[SourceDate "2014.07.01"]
[SourceVersion "1"]
[SourceVersionDate "2014.07.01"]
[SourceQuality "1"]

1. b3 c5 2. Bb2 Nc6 3. f4 d6 4. Nf3 Nf6 5. e3 g6 6. Nc3 Bg7 7. Nd5 0-0 8. Nxf6+ exf6 9. c4 Re8 10. Be2 a5 11. 0-0 a4 12. Bc3 a3 13. Ne1 f5 14. Bxg7 Kxg7 15. Nc2 Qa5 16. Qe1 Bd7 17. Rd1 b5 18. d4 Nb4 19. Nxb4 Qxb4 20. Bf3 Rac8 21. dxc5 Qxc5 22. Qc3+ Kg8 23. Rd5 Qb6 24. Qd4 Qxd4 25. Rxd4 bxc4 26. bxc4 Rxe3 27. Rxd6 Be6 28. Rc1 Rxc4 29. Rxc4 Bxc4 30. Kf2 Re8 31. Bd5 Bxd5 32. Rxd5 Rb8 33. Ke3 Rb2 34. Rd2 Kg7 35. Kd3 Rb4 36. g3 h5 37. Rc2 h4 38. Rc3 Rb2 39. Rc2 hxg3 40. hxg3 Rb1 41. Rc3 Rb2 42. Rxa3 Rg2 43. Kd4 Kh6 44. Ke5 Kg7 45. Kd4 Kh6 46. Ke5 Kg7 1/2-1/2

[Event "Metz op 32nd"]
[Site "Metz"]
[Date "2014.05.03"]
[Round "1"]
[White "Shoker, Samy"]
[Black "Derieux, Christian"]
[Result "1-0"]
[WhiteElo "2453"]
[BlackElo "2125"]
[PlyCount "91"]
[EventDate "2014.05.03"]
[EventType "swiss"]
[EventRounds "9"]
[EventCountry "FRA"]
[SourceTitle "CBM 160 Extra"]
[Source "ChessBase"]
[SourceDate "2014.07.01"]
[SourceVersion "1"]
[SourceVersionDate "2014.07.01"]
[SourceQuality "1"]

1. c4 Nf6 2. g3 c5 3. Bg2 e6 4. Nf3 Nc6 5. d4 cxd4 6. Nxd4 Bb4+ 7. Nc3 Qa5 8. 0-0 0-0 9. Nb3 Qd8 10. Qc2 b6 11. e4 Ba6 12. a3 Be7 13. Nd2 Ne5 14. b3 Rc8 15. Bb2 Qc7 16. a4 Rfd8 17. Nb5 Bxb5 18. axb5 d5 19. exd5 exd5 20. Qf5 Ng6 21. cxd5 Qc2 22. Qxc2 Rxc2 23. Nc4 Nxd5 24. Rfd1 Nc7 25. Rxd8+ Bxd8 26. Rxa7 Nf8 27. Bc6 Nfe6 28. Be5 f6 29. Bd6 Rc3 30. Rb7 Rxb3 31. Kg2 Rxb5 32. Bxb5 Nxb5 33. f4 Nxd6 34. Nxd6 g6 35. f5 gxf5 36. Nxf5 b5 37. h4 Ba5 38. Rxb5 Bc3 39. Rb6 Kf7 40. Rb7+ Kg6 41. Ne7+ Kh6 42. Kf3 Be5 43. g4 Nc7 44. Ke4 Ne8 45. Rd7 Nd6+ 46. Rxd6 1-0

[Event "FRA-ch op-A"]
[Site "Pau"]
[Date "2012.08.16"]
[Round "3"]
[White "Naudier, Serge"]
[Black "Derieux, Christian"]
[Result "1-0"]
[WhiteElo "2199"]
[BlackElo "2027"]
[PlyCount "61"]
[EventDate "2012.08.14"]
[EventType "swiss"]
[EventRounds "11"]
[EventCountry "FRA"]
[SourceTitle "CBM 150 Extra"]
[Source "ChessBase"]
[SourceDate "2012.10.19"]
[SourceVersion "1"]
[SourceVersionDate "2012.10.19"]
[SourceQuality "1"]

1. e4 g6 2. d4 Bg7 3. c3 d6 4. Bc4 c6 5. Bb3 d5 6. Qe2 dxe4 7. Qxe4 Nf6 8. Qh4 h6 9. Ne2 Bf5 10. 0-0 Nbd7 11. Re1 g5 12. Qg3 Ne4 13. Qf3 Nd6 14. Ng3 Bg6 15. Nh5 Bf8 16. h4 Qc7 17. Ng3 gxh4 18. Nh5 0-0-0 19. Qg4 Qa5 20. Nf4 Bf5 21. Qxh4 Bg7 22. Nh5 Bxd4 23. Qxd4 Bxb1 24. Rxb1 Qxh5 25. Qxa7 Rhg8 26. Bf4 e5 27. Bg3 f5 28. Bxg8 Rxg8 29. Qa8+ Nb8 30. Bxe5 Qg6 31. g3 1-0

[Event "Avoine op 27th"]
[Site "Avoine"]
[Date "2012.07.21"]
[Round "1"]
[White "Derieux, Christian"]
[Black "Godart, Francois"]
[Result "1/2-1/2"]
[WhiteElo "2027"]
[BlackElo "2317"]
[PlyCount "84"]
[EventDate "2012.07.21"]
[EventType "swiss"]
[EventRounds "9"]
[EventCountry "FRA"]
[SourceTitle "CBM 149 Extra"]
[Source "ChessBase"]
[SourceDate "2012.08.24"]
[SourceVersion "1"]
[SourceVersionDate "2012.08.24"]
[SourceQuality "1"]

1. d4 Nf6 2. c4 e5 3. dxe5 Ng4 4. e3 Nxe5 5. Nh3 d6 6. Nf4 g6 7. Be2 Bg7 8. Nc3 0-0 9. 0-0 Nbd7 10. Nfd5 c6 11. Nb4 Nb6 12. a4 a5 13. Nba2 Nexc4 14. b3 Nd5 15. Nxd5 Bxa1 16. Ndc3 Qf6 17. Bxc4 Bxc3 18. Nxc3 Qxc3 19. Qxd6 Bg4 20. Ba3 Rad8 21. Qc7 Rd7 22. Qf4 Bd1 23. Bxf8 Kxf8 24. Bxf7 Rxf7 25. Qd6+ Kg8 26. Qxd1 Rf8 27. h4 Qf6 28. h5 Rd8 29. Qe1 Rd5 30. hxg6 hxg6 31. e4 Rh5 32. Qe3 Qh8 33. f3 Rh1+ 34. Kf2 Qb2+ 35. Qe2 Rxf1+ 36. Kxf1 Qxb3 37. Qd2 Qxa4 38. Qd8+ Kf7 39. Qd7+ Kf6 40. Qd6+ Kf7 41. Qd7+ Kf6 42. Qd6+ Kf7 1/2-1/2

[Event "Paris-ch op-B 87th"]
[Site "Paris"]
[Date "2012.07.15"]
[Round "9"]
[White "Larrat, Philippe"]
[Black "Derieux, Christian"]
[Result "1/2-1/2"]
[WhiteElo "2230"]
[BlackElo "2027"]
[PlyCount "29"]
[EventDate "2012.07.07"]
[EventType "swiss"]
[EventRounds "9"]
[EventCountry "FRA"]
[SourceTitle "EXT 2013"]
[Source "ChessBase"]
[SourceDate "2012.11.22"]
[SourceVersion "1"]
[SourceVersionDate "2012.11.22"]
[SourceQuality "1"]

1. e4 c5 2. c3 g6 3. d4 cxd4 4. cxd4 d5 5. Nc3 dxe4 6. Bc4 Nf6 7. Qb3 e6 8. d5 Qb6 9. Bb5+ Bd7 10. Be3 Bc5 11. dxe6 fxe6 12. Bxc5 Qxc5 13. Qxe6+ Qe7 14. Qc4 Bxb5 15. Qxb5+ 1/2-1/2

[Event "Paris-ch op-B 87th"]
[Site "Paris"]
[Date "2012.07.12"]
[Round "6"]
[White "Levesque, Thomas"]
[Black "Derieux, Christian"]
[Result "0-1"]
[WhiteElo "2086"]
[BlackElo "2027"]
[PlyCount "128"]
[EventDate "2012.07.07"]
[EventType "swiss"]
[EventRounds "9"]
[EventCountry "FRA"]
[SourceTitle "EXT 2013"]
[Source "ChessBase"]
[SourceDate "2012.11.22"]
[SourceVersion "1"]
[SourceVersionDate "2012.11.22"]
[SourceQuality "1"]

1. d4 Nf6 2. c4 c5 3. d5 e6 4. Nc3 exd5 5. cxd5 d6 6. e4 g6 7. Bd3 Bg7 8. f4 0-0 9. Nf3 Bg4 10. 0-0 Nbd7 11. Be3 Re8 12. h3 Bxf3 13. Qxf3 Rc8 14. Rfe1 c4 15. Bc2 Nc5 16. Kh2 a6 17. a4 Nfd7 18. a5 b5 19. axb6 Qxb6 20. Rab1 Qb4 21. Bd2 Nb3 22. Bxb3 Qxb3 23. g4 Rb8 24. Qg3 Qc2 25. Qg2 Rxb2 26. Rxb2 Qxb2 27. e5 dxe5 28. f5 e4 29. Nxe4 c3 30. Bf4 Qxg2+ 31. Kxg2 Rc8 32. d6 c2 33. Bc1 Be5 34. Kf3 f6 35. Ba3 Kf7 36. fxg6+ hxg6 37. h4 Rb8 38. Bc1 Rb3+ 39. Kg2 Rb1 40. Kf2 Rb6 41. h5 gxh5 42. gxh5 Bxd6 43. Re2 Ne5 44. Ke3 Rb3+ 45. Kf2 Nd3+ 46. Kf1 Be5 47. Rxc2 Rb1 48. Ra2 Rxc1+ 49. Ke2 Nf4+ 50. Kd2 Ra1 51. Rxa1 Bxa1 52. Ng3 Nxh5 53. Nxh5 Be5 54. Nxf6 Kxf6 55. Kd3 Ke6 56. Kc4 Kd6 57. Kb4 Kc6 58. Ka5 Kb7 59. Kb4 Kb6 60. Kc4 a5 61. Kb3 Kb5 62. Ka3 a4 63. Ka2 Kb4 64. Kb1 Kb3 0-1

[Event "Paris-ch op-B 87th"]
[Site "Paris"]
[Date "2012.07.08"]
[Round "2"]
[White "Ustianovich, Nazar"]
[Black "Derieux, Christian"]
[Result "1-0"]
[WhiteElo "2197"]
[BlackElo "2027"]
[PlyCount "37"]
[EventDate "2012.07.07"]
[EventType "swiss"]
[EventRounds "9"]
[EventCountry "FRA"]
[SourceTitle "EXT 2013"]
[Source "ChessBase"]
[SourceDate "2012.11.22"]
[SourceVersion "1"]
[SourceVersionDate "2012.11.22"]
[SourceQuality "1"]

1. d4 g6 2. Nf3 Bg7 3. c4 d6 4. Nc3 Nd7 5. e4 c6 6. Bg5 h6 7. Be3 a6 8. Qd2 b5 9. h3 Nb6 10. b3 b4 11. Ne2 c5 12. Rd1 cxd4 13. Bxd4 Nf6 14. Qxb4 Rb8 15. e5 Ne4 16. exd6 Bxd4 17. Rxd4 Nxd6 18. Qc3 0-0 19. c5 1-0

[Event "FRA-ch blitz"]
[Site "Nice"]
[Date "2011.02.20"]
[Round "6"]
[White "Derieux, Christian"]
[Black "Feller, Sebastien"]
[Result "1-0"]
[WhiteElo "2025"]
[BlackElo "2657"]
[PlyCount "46"]
[EventDate "2011.02.20"]
[EventType "swiss (blitz)"]
[EventRounds "13"]
[EventCountry "FRA"]
[SourceTitle "CBM 141 Extra"]
[Source "ChessBase"]
[SourceDate "2011.05.03"]
[SourceVersion "1"]
[SourceVersionDate "2011.05.03"]
[SourceQuality "1"]

1. d4 Nf6 2. c4 e6 3. Nc3 Bb4 4. e3 0-0 5. a3 Nc6 6. Bd3 e5 7. Nge2 e4 8. Bc2 Na5 9. Ng3 Re8 10. Qe2 b6 11. f3 exf3 12. gxf3 Ba6 13. Bd3 d5 14. cxd5 Bxd3 15. Qxd3 Qxd5 16. 0-0 c5 17. e4 Qc4 18. Qxc4 Nxc4 19. Bg5 Nd7 20. Nf5 h6 21. Bf4 Rac8 22. Nd6 Nxd6 23. Bxd6 cxd4 1-0

[Event "FRA-ch op-A"]
[Site "Nimes"]
[Date "2009.08.11"]
[Round "1"]
[White "Schweitzer, Adrien"]
[Black "Derieux, Christian"]
[Result "1/2-1/2"]
[WhiteElo "2057"]
[BlackElo "2155"]
[PlyCount "148"]
[EventDate "2009.08.11"]
[EventType "swiss"]
[EventRounds "11"]
[EventCountry "FRA"]
[SourceTitle "CBM 132 Extra"]
[Source "ChessBase"]
[SourceDate "2009.11.03"]
[SourceVersion "1"]
[SourceVersionDate "2009.11.03"]
[SourceQuality "1"]

1. d4 Nf6 2. c4 c5 3. d5 e6 4. Nc3 exd5 5. cxd5 d6 6. e4 g6 7. f4 Bg7 8. Bb5+ Nfd7 9. a4 Qh4+ 10. g3 Qe7 11. Nf3 0-0 12. 0-0 a6 13. Bd3 c4 14. Bc2 Nc5 15. Qe2 Bg4 16. a5 Nbd7 17. Qxc4 b5 18. Qb4 Bxc3 19. bxc3 Nf6 20. e5 Bxf3 21. exf6 Qe2 22. Rf2 Nd3 23. Bxd3 Qxd3 24. f5 Rfe8 25. Bf4 Re2 26. Qd4 Qc2 27. Raf1 Rae8 28. Bxd6 Qa2 29. Be7 Rxf2 30. Qxf2 Bxd5 31. Qxa2 Bxa2 32. Rd1 gxf5 33. Rd6 Ra8 34. Kf2 h6 35. Rc6 Kh7 36. Ke3 Kg6 37. Kf4 Bd5 38. Rc5 Be6 39. Rc6 Bd5 40. Rc5 Be6 41. Rc6 Ra7 42. Ke5 Bd7 43. Bc5 Ra8 44. Rc7 Be6 45. Ra7 Rd8 46. Bd6 Rc8 47. Rc7 Rxc7 48. Bxc7 Kg5 49. h4+ Kg4 50. Kd4 Kf3 51. Bf4 h5 52. Bc7 Ke2 53. Bf4 Kd1 54. Bd6 Kc2 55. Bb4 Kd1 56. Ke3 Kc2 57. Kf4 Kd3 58. Kg5 Ke4 59. Kxh5 f4 60. gxf4 Kxf4 61. Kh6 Kg4 62. h5 Bc4 63. Kg7 Kxh5 64. Kf8 Kg5 65. Be7 Kf5 66. Ke8 Ke6 67. Kd8 Kd5 68. Kc7 b4 69. Bxb4 Ke6 70. Be7 Bb5 71. Kb6 Kd5 72. Bd8 Kc4 73. Be7 Kxc3 74. Bc5 Kc4 1/2-1/2

[Event "FRA-chT Top 16 GpA"]
[Site "France"]
[Date "2009.05.03"]
[Round "7"]
[White "Aguettaz, Maxime"]
[Black "Derieux, Christian"]
[Result "1-0"]
[WhiteElo "2396"]
[BlackElo "2144"]
[PlyCount "45"]
[EventDate "2009.03.20"]
[EventType "team"]
[EventRounds "7"]
[EventCountry "FRA"]
[SourceTitle "CBM 129 Extra"]
[Source "ChessBase"]
[SourceDate "2009.05.05"]
[SourceVersion "2"]
[SourceVersionDate "2009.05.20"]
[SourceQuality "1"]

1. Nf3 c5 2. c4 Nf6 3. Nc3 d5 4. cxd5 Nxd5 5. g3 Nc6 6. Bg2 Nc7 7. 0-0 e5 8. Ne1 Bg4 9. Bxc6+ bxc6 10. Qa4 Qd7 11. Nd3 f6 12. f3 Bf5 13. Ne4 Qd4+ 14. Qxd4 cxd4 15. b3 Bg6 16. Bb2 f5 17. Nef2 Bd6 18. Rac1 Kd7 19. e3 Ne6 20. exd4 exd4 21. f4 Bh5 22. Rfe1 c5 23. Nh3 1-0

[Event "FRA-ch op-A"]
[Site "Pau"]
[Date "2008.08.19"]
[Round "7"]
[White "Poignot, Quentin"]
[Black "Derieux, Christian"]
[Result "1/2-1/2"]
[WhiteElo "2087"]
[BlackElo "2149"]
[PlyCount "99"]
[EventDate "2008.08.11"]
[EventType "swiss"]
[EventRounds "9"]
[EventCountry "FRA"]
[SourceTitle "CBM 126 Extra"]
[Source "ChessBase"]
[SourceDate "2008.11.05"]
[SourceVersion "1"]
[SourceVersionDate "2008.11.05"]
[SourceQuality "1"]

1. e4 c5 2. Nf3 d6 3. d4 Nf6 4. Nc3 cxd4 5. Nxd4 g6 6. Be3 Bg7 7. f3 Nc6 8. Qd2 0-0 9. Bc4 Bd7 10. 0-0-0 Rb8 11. Bb3 a5 12. h4 Nxd4 13. Bxd4 b5 14. a3 a4 15. Ba2 b4 16. Nd5 b3 17. Bb1 bxc2 18. Bxc2 Nxd5 19. Bxg7 Kxg7 20. exd5 Qb6 21. Qd4+ Qxd4 22. Rxd4 Rfc8 23. Kb1 Rc3 24. Re1 Rxa3 25. Rxe7 Rc3 26. Rxd7 a3 27. b3 a2+ 28. Kxa2 Rxc2+ 29. Ka3 Rc1 30. Rxd6 Ra1+ 31. Kb2 Rba8 32. Rc6 R8a2+ 33. Kc3 Rxg2 34. Kb4 Ra8 35. d6 Rd8 36. d7 Kf8 37. Rc8 Ke7 38. Rxd8 Kxd8 39. Kc5 Rc2+ 40. Kb6 Rc3 41. b4 Rxf3 42. b5 f5 43. Kb7 h6 44. b6 g5 45. hxg5 hxg5 46. Kc6 Rc3+ 47. Kd6 Rb3 48. Kc6 Rc3+ 49. Kb5 Rb3+ 50. Kc6 1/2-1/2

[Event "FRA-ch op-A"]
[Site "Pau"]
[Date "2008.08.16"]
[Round "5"]
[White "Derieux, Christian"]
[Black "Iglesias, Yosha"]
[Result "0-1"]
[WhiteElo "2149"]
[BlackElo "2187"]
[PlyCount "92"]
[EventDate "2008.08.11"]
[EventType "swiss"]
[EventRounds "9"]
[EventCountry "FRA"]
[SourceTitle "CBM 126 Extra"]
[Source "ChessBase"]
[SourceDate "2008.11.05"]
[SourceVersion "1"]
[SourceVersionDate "2008.11.05"]
[SourceQuality "1"]

1. d4 Nf6 2. c4 c5 3. d5 e6 4. Nc3 exd5 5. cxd5 d6 6. e4 g6 7. Bd3 Bg7 8. Nge2 0-0 9. h3 Re8 10. 0-0 a6 11. a4 Nbd7 12. Bg5 h6 13. Be3 Rb8 14. Qd2 h5 15. Bg5 Qc7 16. f4 c4 17. Bc2 b5 18. axb5 axb5 19. e5 dxe5 20. f5 b4 21. Ne4 Nxe4 22. Bxe4 Nc5 23. Ng3 Nxe4 24. Nxe4 Bxf5 25. d6 Qb6+ 26. Be3 Qc6 27. Nc5 Red8 28. Ra6 Rb6 29. Rxb6 Qxb6 30. Rd1 c3 31. bxc3 bxc3 32. Qxc3 Rxd6 33. Rf1 Qc6 34. Qb4 Rd5 35. Rc1 Bf8 36. Qb8 Qd6 37. Qa8 Qd8 38. Qb7 Rd1+ 39. Rxd1 Qxd1+ 40. Kh2 Qe2 41. Qb3 h4 42. Qc3 Bd6 43. Qc1 Kh7 44. Na4 Be4 45. Qd2 Qxd2 46. Bxd2 Bc6 0-1

[Event "FRA-ch op-A"]
[Site "Pau"]
[Date "2008.08.15"]
[Round "4"]
[White "Loiseau, Quentin"]
[Black "Derieux, Christian"]
[Result "0-1"]
[WhiteElo "2028"]
[BlackElo "2149"]
[PlyCount "104"]
[EventDate "2008.08.11"]
[EventType "swiss"]
[EventRounds "9"]
[EventCountry "FRA"]
[SourceTitle "CBM 126 Extra"]
[Source "ChessBase"]
[SourceDate "2008.11.05"]
[SourceVersion "1"]
[SourceVersionDate "2008.11.05"]
[SourceQuality "1"]

1. Nf3 c5 2. c4 Nf6 3. Nc3 d5 4. cxd5 Nxd5 5. d4 e6 6. e4 Nxc3 7. bxc3 cxd4 8. cxd4 Bb4+ 9. Bd2 Bxd2+ 10. Qxd2 0-0 11. Bd3 b6 12. Rc1 Bb7 13. h4 Nc6 14. e5 Ne7 15. Ng5 h6 16. Bh7+ Kh8 17. Be4 Bxe4 18. Nxe4 Nf5 19. Rd1 Qd5 20. f3 Rad8 21. 0-0 Qxd4+ 22. Qxd4 Rxd4 23. Rxd4 Nxd4 24. Rd1 Nc6 25. f4 Rd8 26. Nd6 Kg8 27. Rc1 Nb4 28. Rc7 Nxa2 29. Rxa7 Nc3 30. g3 f6 31. Re7 fxe5 32. fxe5 Rb8 33. Kf2 b5 34. Rb7 Rxb7 35. Nxb7 Kf7 36. Ke3 Ke7 37. Nd6 b4 38. Kd3 Kd7 39. Kc4 Nd5 40. Ne4 Ne3+ 41. Kxb4 Kc6 42. Kc3 Kd5 43. Kd3 Nf5 44. Nc3+ Kxe5 45. Ne2 h5 46. Kd2 Ke4 47. Nf4 Nxg3 48. Nxe6 Nf5 49. Ng5+ Kf4 50. Ke2 Kg3 51. Ne6 g6 52. Nf8 Nxh4 0-1

[Event "FRA-ch op-A"]
[Site "Pau"]
[Date "2008.08.14"]
[Round "3"]
[White "Derieux, Christian"]
[Black "Migot, Tangi"]
[Result "1/2-1/2"]
[WhiteElo "2149"]
[BlackElo "2050"]
[PlyCount "80"]
[EventDate "2008.08.11"]
[EventType "swiss"]
[EventRounds "9"]
[EventCountry "FRA"]
[SourceTitle "CBM 126 Extra"]
[Source "ChessBase"]
[SourceDate "2008.11.05"]
[SourceVersion "1"]
[SourceVersionDate "2008.11.05"]
[SourceQuality "1"]

1. d4 Nf6 2. c4 c5 3. d5 e6 4. Nc3 exd5 5. cxd5 d6 6. e4 g6 7. Bd3 Bg7 8. Nge2 0-0 9. h3 a6 10. a4 Nbd7 11. 0-0 Ne5 12. Bc2 Rb8 13. f4 Nc4 14. b3 Nb6 15. Be3 Re8 16. Qd2 Nbd7 17. Rab1 b5 18. axb5 axb5 19. b4 cxb4 20. Rxb4 Nc5 21. Ng3 h5 22. e5 Na6 23. Rbb1 b4 24. Nce4 Nxe4 25. Bxe4 h4 26. Ne2 f5 27. Bf3 dxe5 28. fxe5 Bxe5 29. Nf4 g5 30. Ne6 Bxe6 31. Bxg5 Bf6 32. Bxf6 Qxf6 33. dxe6 Rbd8 34. Qa2 Qxe6 35. Qf2 Qe3 36. Bb7 Qxf2+ 37. Rxf2 Nc5 38. Rxf5 Nxb7 39. Rxb4 Rd1+ 40. Kh2 Rd7 1/2-1/2

[Event "Cannes des Jeux op"]
[Site "Cannes"]
[Date "2008.02.11"]
[Round "1"]
[White "Bauer, Christian"]
[Black "Derieux, Christian"]
[Result "1-0"]
[WhiteElo "2614"]
[BlackElo "2165"]
[PlyCount "49"]
[EventDate "2008.02.11"]
[EventType "swiss"]
[EventRounds "9"]
[EventCountry "FRA"]
[SourceTitle "CBM 122 Extra"]
[Source "ChessBase"]
[SourceDate "2008.03.04"]
[SourceVersion "1"]
[SourceVersionDate "2008.03.04"]
[SourceQuality "1"]

1. e4 c5 2. Nf3 d6 3. c3 Nf6 4. h3 Nbd7 5. Bd3 b6 6. 0-0 Bb7 7. Re1 Rc8 8. Bc2 c4 9. Na3 a6 10. b3 b5 11. bxc4 bxc4 12. Rb1 Ba8 13. Rb4 Nb6 14. d4 d5 15. e5 Ne4 16. e6 f6 17. Nd2 g6 18. Nxe4 dxe4 19. Nxc4 Nxc4 20. Ba4+ Bc6 21. Bxc6+ Rxc6 22. Qa4 Na5 23. d5 Bg7 24. dxc6 0-0 25. Bf4 1-0

[Event "EU-ch blitz"]
[Site "Ajaccio"]
[Date "2007.10.25"]
[Round "5"]
[White "Bacrot, Etienne"]
[Black "Derieux, Christian"]
[Result "1-0"]
[WhiteElo "2695"]
[BlackElo "2165"]
[PlyCount "60"]
[EventDate "2007.10.25"]
[EventType "swiss (blitz)"]
[EventRounds "32"]
[EventCountry "FRA"]
[SourceTitle "CBM 120 Extra"]
[Source "ChessBase"]
[SourceDate "2007.11.01"]
[SourceVersion "1"]
[SourceVersionDate "2007.11.01"]
[SourceQuality "1"]

1. d4 Nf6 2. c4 c5 3. d5 e6 4. Nc3 exd5 5. cxd5 d6 6. Nf3 g6 7. g3 Bg7 8. Bg2 0-0 9. 0-0 b6 10. Bf4 Ba6 11. a4 Qc7 12. Re1 Nbd7 13. h3 Ne8 14. Qc2 Qb7 15. e4 Ne5 16. Nxe5 dxe5 17. Be3 Nd6 18. b3 Qd7 19. g4 Bb7 20. a5 Kh8 21. Na4 Nb5 22. axb6 Nd4 23. Bxd4 cxd4 24. Qc7 Qxc7 25. bxc7 Rfc8 26. d6 Bf8 27. Nb6 Bxd6 28. Nxa8 Rxa8 29. Rec1 a6 30. Bf1 Bxe4 1-0

[Event "EU-ch blitz"]
[Site "Ajaccio"]
[Date "2007.10.25"]
[Round "6"]
[White "Derieux, Christian"]
[Black "Bacrot, Etienne"]
[Result "0-1"]
[WhiteElo "2165"]
[BlackElo "2695"]
[PlyCount "28"]
[EventDate "2007.10.25"]
[EventType "swiss (blitz)"]
[EventRounds "32"]
[EventCountry "FRA"]
[SourceTitle "CBM 120 Extra"]
[Source "ChessBase"]
[SourceDate "2007.11.01"]
[SourceVersion "1"]
[SourceVersionDate "2007.11.01"]
[SourceQuality "1"]

1. d4 d5 2. c4 e6 3. Nc3 Bb4 4. Nf3 Nf6 5. Bg5 h6 6. Bxf6 Qxf6 7. Qb3 Nc6 8. e3 0-0 9. a3 dxc4 10. Bxc4 Bd6 11. Ne4 Qg6 12. Nxd6 cxd6 13. 0-0 e5 14. dxe5 Bh3 0-1

[Event "EU-ch blitz"]
[Site "Ajaccio"]
[Date "2007.10.25"]
[Round "12"]
[White "Derieux, Christian"]
[Black "Mikhalevski, Victor"]
[Result "0-1"]
[WhiteElo "2165"]
[BlackElo "2584"]
[PlyCount "116"]
[EventDate "2007.10.25"]
[EventType "swiss (blitz)"]
[EventRounds "32"]
[EventCountry "FRA"]
[SourceTitle "CBM 120 Extra"]
[Source "ChessBase"]
[SourceDate "2007.11.01"]
[SourceVersion "1"]
[SourceVersionDate "2007.11.01"]
[SourceQuality "1"]

1. d4 Nf6 2. c4 g6 3. Nc3 d5 4. h4 dxc4 5. e4 c5 6. d5 Nbd7 7. Bxc4 a6 8. a4 h5 9. Nf3 Ng4 10. Bg5 Nde5 11. Nxe5 Nxe5 12. Be2 Bg7 13. d6 Qxd6 14. Nd5 f6 15. Nxf6+ Bxf6 16. Qxd6 exd6 17. Bxf6 Rf8 18. Bg5 Be6 19. Rc1 Rf7 20. 0-0 Rc8 21. Rfd1 Rd7 22. Rd2 Nc6 23. Be3 Nb4 24. Rcd1 Rc6 25. a5 Kf7 26. Bf4 Ke7 27. Bg5+ Kf7 28. Bf4 d5 29. exd5 Rxd5 30. Rxd5 Bxd5 31. f3 Ke6 32. g4 Kf7 33. Kf2 Rf6 34. Kg3 Re6 35. Bf1 Bc6 36. Rd6 Bd5 37. Rxe6 Kxe6 38. Bh3 Kf7 39. gxh5 gxh5 40. Bc8 Nd3 41. Bd6 c4 42. Ba3 Ne5 43. f4 Nc6 44. Kf2 Nxa5 45. Ke3 Nb3 46. Bf5 b5 47. Bc2 Na1 48. Bd1 a5 49. b4 cxb3 50. Bb2 Nc2+ 51. Bxc2 bxc2 52. Kd2 Be4 53. Bc3 b4 54. Bd4 Ke6 55. Bb6 b3 56. Kc1 a4 57. Kb2 Kd5 58. Bc7 a3+ 0-1

[Event "FRA-chT1B 0607"]
[Site "France"]
[Date "2007.03.11"]
[Round "11.6"]
[White "Derieux, Christian"]
[Black "Deschler, Fabrice"]
[Result "1-0"]
[WhiteElo "2134"]
[BlackElo "2168"]
[PlyCount "55"]
[EventDate "2006.10.15"]
[EventType "team"]
[EventRounds "11"]
[EventCountry "FRA"]
[SourceTitle "EXT 2008"]
[Source "ChessBase"]
[SourceDate "2007.11.25"]
[SourceVersion "1"]
[SourceVersionDate "2007.11.25"]
[SourceQuality "1"]
[WhiteTeam "Lutece"]
[BlackTeam "Mulhouse II"]
[WhiteTeamCountry "FRA"]
[BlackTeamCountry "FRA"]

1. d4 Nf6 2. c4 g6 3. Nc3 Bg7 4. e4 0-0 5. Nge2 d6 6. Ng3 e5 7. d5 a5 8. Be2 Na6 9. h4 h5 10. Bg5 Qe8 11. Qd2 Kh7 12. 0-0-0 Ng4 13. Bxg4 Bxg4 14. f3 Bd7 15. Qe2 Nc5 16. Nf1 b5 17. cxb5 Rb8 18. g4 Bxb5 19. Nxb5 Qxb5 20. Qxb5 Rxb5 21. gxh5 f5 22. hxg6+ Kxg6 23. Rg1 Kh7 24. Ng3 fxe4 25. fxe4 Rf2 26. Rd2 Rxb2 27. Rxb2 Rxb2 28. Kxb2 1-0